000
00261nam a2200109Ia 4500
005
20251222152718.0
008
251222s9999||||xx |||||||||||||| ||spa||
082
_a
226.67/P85
100
_a
Prevost Godard, Gustavo
245
0
_a
SerĂ¡n mis Testigos:
942
_c
LIB
999
_c
29455
_d
29455